000 00693cam a22002413a 4500
001 11262
003 PGUSA
005 20140828083234.0
008 040201s2004||||xxu|||||s|||||000 | eng d
040 _aPGUSA
_beng
042 _adc
050 4 _aHB
100 1 _aVaknin, Samuel,
_d1961-
245 1 0 _aCyclopedia of Economics
_h[electronic resource] /
_cSamuel Vaknin
260 _bProject Gutenberg,
_c2004
506 _aCopyrighted. Read the copyright notice inside this book for details.
516 _aElectronic text
653 _aEconomics
700 1 _aRangelovska, Lidija
830 0 _aProject Gutenberg
_v11262
856 4 0 _uhttp://www.gutenberg.org/ebooks/11262
942 _cEB
999 _c240517
_d240517